000 00806cam a2200217 a 4500
001 000005166
005 20200929151610.0
008 801113s1972 ve ac b 000 0bspa
040 _aDO-SdBNP
_cDLC
_dBNPHU
082 _a759.987
_bA773C
100 1 _aCalzadilla, Juan.
_d1931-
_914066
245 1 3 _aJ. Arraga /
_cJuan Calzadilla.
260 _aCaracas :,
_c1972
_f(Graficas Armitano)
300 _a132 p. :
_bil., retrs. ;
_c27 cm.
504 _aBibliografías: p. 131-132.
600 1 0 _aARRAGA MORALES, JULIO CÉSAR,
_d1872-1928
_xBIOGRAFÍA
_914784
600 1 0 _aARRAGA MORALES, JULIO CÉSAR,
_d1872-1928
_xCRÍTICA E INTERPRETACIÓN
_914785
650 4 _aPintores venezolanos
_xBiografía
_914786
650 4 _aPintores venezolanos
_xCrítica e interpretación
_914787
910 _aCatalogación por copia / LC
999 _c4969
_d4969